000 01002cam a2200301 a 4500
001 1744
005 20231102145925.0
020 _a0803726570
020 _a9781447235262
040 _aDLC
_cDLC
_dDLC
_beng
050 0 0 _aPZ8.3.D7235
_bRo 2001
082 0 0 _a543
_221
100 1 _aDonaldson, Julia.
245 1 0 _aRoom on the broom /
_cby Julia Donaldson ; pictures by Axel Scheffler.
260 _aNew York :
_bDial Books for Young Readers,
_c2001.
300 _a29 pages :
_bcolor illustrations ;
_c19 cm.
505 _aO
520 _aA witch finds room on her broom for all the animals that ask for a ride, and they repay her kindness by rescuing her from a dragon.
521 _a600
_bLexile AD
521 _aO
_bRaz-Plus
650 1 _aWitches
_vFiction.
650 1 _aAnimals
_vFiction.
650 1 _aDragons
_vFiction.
650 1 _aStories in rhyme.
700 1 _aScheffler, Axel,
_eillustrator
906 _a7
_bcbc
_corignew
_d1
_eocip
_f20
_gy-gencatlg
942 _2ddc
_cBK
_n0
999 _c1744
_d1744